000
00397nam a22001697a 4500
005
20251023104911.0
008
251023b |||||||| |||| 00| 0 eng d
037
_c
TB
040
_a
AL
_c
AL
041
_2
ENG
_a
ENG
084
_b
AL
245
_a
Golden temple
300
_a
50p.
365
_b
95.00
_c
INR
942
_2
CC
_c
TB
_n
0
999
_c
1464997
_d
1464997